000 nam a22 7a 4500
999 _c7971
_d7971
008 171120b xxu||||| |||| 00| 0 eng d
100 _94428
_aNCERT
245 _aSCIENCE EXEMPLAR PROBLAM-VII
260 _aNEW DELHI
_bNCERT
_c2016